ბათუმის შოთა რუსთაველის სახელმწიფო უნივერსიტეტის ბიბლიოთეკა

ჩემი ყავარჯნიანი მამა. (ბიბ.ჩანაწერი № 41802)

000 -LEADER
fixed length control field 00878nam a2200241Ia 4500
001 - CONTROL NUMBER
control field 8485
003 - CONTROL NUMBER IDENTIFIER
control field GE_BSU
008 - FIXED-LENGTH DATA ELEMENTS--GENERAL INFORMATION
fixed length control field 181216s||||||||xx |||||||||||||| ||und||
040 ## - CATALOGING SOURCE
Transcribing agency GE_BSU
080 ## - UNIVERSAL DECIMAL CLASSIFICATION NUMBER
Universal Decimal Classification number 82-93
100 ## - MAIN ENTRY--PERSONAL NAME
Personal name ზარნაძე,გიზო.
245 ## - TITLE STATEMENT
Title ჩემი ყავარჯნიანი მამა.
245 ## - TITLE STATEMENT
Remainder of title მოთხრობა.სასკოლო ასაკის ბავშვებისათვის.
245 ## - TITLE STATEMENT
Statement of responsibility, etc. რედ:ლ.ქადაგიშვილი;მხატვ:გ.ნარმანია.
260 ## - PUBLICATION, DISTRIBUTION, ETC.
Place of publication, distribution, etc. თბილისი.
260 ## - PUBLICATION, DISTRIBUTION, ETC.
Name of publisher, distributor, etc. ნაკადული.
260 ## - PUBLICATION, DISTRIBUTION, ETC.
Date of publication, distribution, etc. 1967.
300 ## - PHYSICAL DESCRIPTION
Extent 130გვ;ილ;16სმ.
653 ## - INDEX TERM--UNCONTROLLED
Uncontrolled term მოთხრობა
653 ## - INDEX TERM--UNCONTROLLED
Uncontrolled term მოთხრობა
653 ## - INDEX TERM--UNCONTROLLED
Uncontrolled term ჩემი ყავარჯნიანი მამა.
942 ## - ADDED ENTRY ELEMENTS (KOHA)
Koha item type წიგნი
ეგზემპლარები
Withdrawn status Lost status Damaged status Not for loan Date acquired Barcode Date last seen Price effective from Koha item type
        2018-12-17 30929 2018-12-17 2018-12-17 წიგნი